000 01830nam a2200397 c 4500
003 BLK
005 20230627110147.0
008 180408b bul|||||r ||||||| ||bul||
010 _aKNG00074989000
020 _a978-954-9935-55-4
_bиздат.: Рийдърс Дайджест
040 _aBLK
041 _aBUL
_cBUL
072 7 _2bullib
_aН50
_xЕстествени науки. Математика и др. Н
080 _aФизическа география и природа
_b502:911.2
_x(100)
_z502:911.2(100)
700 1 _aГьобел, Петер
_eавт. на текста
_957527
700 1 _aПфениг, Урсула
_eавт. на текста
_9113518
700 _aТошева, Анета Илиева
_9366009
139 _aШедьоври на планетата Земя
_bШ 47
245 1 0 _aШедьоври на планетата Земя
_cавт. на текста Петер Гьобел; авт. на текста Урсула Пфениг; адапт. и прев. Анета Илиева Тошева.
257 _aDEU
260 София
_bРийдърс Дайджест
_c2009
_fОтпеч. в Китай
300 _a320 с.
_bс цв. ил.
_c31 см
380 _a5
500 _aПрев. от фр. изд. ; ориг. загл. Geheimnisse der Erde. - На гърба на загл. с. погрешно означено бълг. адапт. - Азб. показалец.
650 4 _aПрирода
_9167826
650 4 _aФизическа география
_9283035
653 _aфизическа география
653 _aприрода
659 _aН
852 _aЦб ІІ 16887
856 4 _qpdf
_u
856 4 _qpdf
_u
942 _cKNG
_n0
944 _aCR
_c29.09.2011
_kВаля_Йорданова
944 _aED
_c29.09.2011
_k
999 _c70629
_d70629